[Event "Ambelokipi op 87th"]
[Site "Athens"]
[Date "2008.05.17"]
[Round "3"]
[White "Andriopoulos, Hristos"]
[Black "Papamichael, Georgios"]
[Result "0-1"]
[WhiteElo "1385"]
[BlackElo "1916"]
[PlyCount "34"]
[EventDate "2008.05.10"]
[EventType "swiss"]
[EventRounds "7"]
[EventCountry "GRE"]
[SourceTitle "EXT 2010"]
[Source "ChessBase"]
[SourceDate "2010.11.25"]
[SourceVersion "1"]
[SourceVersionDate "2010.11.25"]
[SourceQuality "1"]

1. Nf3 d5 2. d4 Bf5 3. c4 c6 4. cxd5 cxd5 5. Qb3 b6 6. Nc3 e6 7. Bf4 Bd6 8. Qb5+ Kf8 9. Bxd6+ Qxd6 10. Rd1 Ne7 11. e3 f6 12. Be2 Kf7 13. 0-0 a6 14. Qa4 Nbc6 15. Bxa6 Nb8 16. Nb5 Qd8 17. Nc7 Ra7 0-1